000 01168nam a2200217Ia 4500
999 _c40945
_d40945
001 7592
003 GE_BSU
005 20231225162118.0
008 181216s1951||||ge |||||||||||||| ||geo||
040 _cGE_BSU
041 _ageo
080 _a741.5(479.22) ნ-37
100 _aნაცვლიშვილი, დ.
_920875
245 _aხუმრობის გარეშე :
_bსატირულ-ჰუმორული კრებული /
_cდ. ნაცვლიშვილი ; რედ. ა. ნუცუბიძე ; [ი. გრიშაშვილისა და ვ. წულუკიძის შესავალი წერილი : ქართული კარიკატურა და მხატვარი დონი].
264 _aთბილისი :
_bსახელგამი,
_c1951.
300 _aVI, 67 ფურც. :
_bილ. ;
_c24 სმ.
653 _aქართული კარიკატურა
653 _aქართველი კარიკატურისტები
700 _aნუცუბიძე, ა.
_eრედაქტორი
_920876
942 _cBK
_2udc